Revista de historia militar / (Record no. 1902)
[ view plain ]
| 000 -LEADER | |
|---|---|
| campo de control de longitud fija | 01200nas a2200313 i 4500 |
| 001 - NÚMERO DE CONTROL | |
| campo de control | 1902 |
| 003 - IDENTIFICADOR DE NÚMERO DE CONTROL | |
| campo de control | ES-MaACL |
| 005 - FECHA Y HORA DE LA ÚLTIMA TRANSACCIÓN | |
| campo de control | 20250922142216.0 |
| 007 - CAMPO FIJO DE DESCRIPCIÓN FÍSICA--INFORMACIÓN GENERAL | |
| campo de control de longitud fija | t| |
| 008 - DATOS DE LONGITUD FIJA--INFORMACIÓN GENERAL | |
| campo de control de longitud fija | 950801c1957 sp | | 1 ||pa d |
| 022 ## - NÚMERO INTERNACIONAL NORMALIZADO PARA PUBLICACIONES SERIADAS | |
| Número Internacional Normalizado para Publicaciones Seriadas | 0482-5748 |
| 080 ## - NÚMERO DE LA CLASIFICACIÓN DECIMAL UNIVERSAL | |
| Número de la Clasificación Decimal Universal | 355 |
| 245 00 - MENCIÓN DEL TÍTULO | |
| Título | Revista de historia militar / |
| Mención de responsabilidad, etc. | Servicio Histórico Militar. |
| 260 ## - PUBLICACIÓN, DISTRIBUCIÓN, ETC. | |
| Lugar de publicación, distribución, etc. | Madrid : |
| Nombre del editor, distribuidor, etc. | Servicio Histórico Militar, |
| Fecha de publicación, distribución, etc. | 1957- |
| 300 ## - DESCRIPCIÓN FÍSICA | |
| Extensión | 29 v. ; |
| Dimensiones | 24 cm. |
| 310 ## - PERIODICIDAD ACTUAL | |
| Periodicidad actual | Semestral |
| 362 0# - FECHAS DE PUBLICACIÓN Y/O DESIGNACIÓN SECUENCIAL | |
| Fecha de publicación y/o designación secuencial | Año 1, n. 1 (1957)- |
| 500 ## - NOTA GENERAL | |
| Nota general | Descripción basada en : n. 58 (ene.-jun. 1985. |
| 500 ## - NOTA GENERAL | |
| Nota general | Indice n. 1-52 (1958-81. |
| 650 #7 - PUNTO DE ACCESO ADICIONAL DE MATERIA--TÉRMINO DE MATERIA | |
| Término de materia o nombre geográfico como elemento de entrada | Arte y ciencia militar |
| Fuente del encabezamiento o término | embne |
| 9 (RLIN) | 135619 |
| 650 07 - PUNTO DE ACCESO ADICIONAL DE MATERIA--TÉRMINO DE MATERIA | |
| Término de materia o nombre geográfico como elemento de entrada | Historia militar |
| Fuente del encabezamiento o término | embne |
| 9 (RLIN) | 13415 |
| 710 1# - ENTRADA AGREGADA--NOMBRE DE ENTIDAD CORPORATIVA | |
| Nombre de entidad corporativa o nombre de jurisdicción como elemento de entrada | España. |
| Unidad subordinada | Servicio Histórico Militar. |
| 9 (RLIN) | 3980 |
| 852 ## - LOCALIZACIÓN | |
| Ubicación | ES-MaACL |
| Número de control de estantería | HEM-H-228 |
| Signatura antigua | Olim:Hem-1605 |
| itemnumber | 1941 |
| Ubicación en estantería | Hemeroteca |
| Nota libre | Revista: Viva |
| 856 ## - LOCALIZACIÓN Y ACCESO ELECTRÓNICOS | |
| Identificador Uniforme de Recursos | <a href="http://bibliotecavirtualdefensa.es/BVMDefensa/i18n/consulta/registro.cmd?id=1741">http://bibliotecavirtualdefensa.es/BVMDefensa/i18n/consulta/registro.cmd?id=1741</a> |
| Nota pública | Versión en línea 1957-2013 |
| Texto de enlace | Biblioteca Virtual de Defensa |
| 856 ## - LOCALIZACIÓN Y ACCESO ELECTRÓNICOS | |
| Identificador Uniforme de Recursos | <a href="https://dialnet.unirioja.es/servlet/revista?codigo=1180">https://dialnet.unirioja.es/servlet/revista?codigo=1180</a> |
| Texto de enlace | Acceso a sumarios en Dialnet |
| 866 #0 - MENCIÓN TEXTUAL DE FONDOS--UNIDAD BIBLIOGRÁFICA BÁSICA | |
| Fondos | (1982f.n.52)1983, 2017-2024-2025- |
| 942 ## - ELEMENTOS DE ENTRADA SECUNDARIOS (KOHA) | |
| Fuente del sistema de clasificación o colocación | Clasificación decimal universal |
| Tipo de ítem Koha | Revista |
| Estatus retirado | Estado de pérdida | Fuente del sistema de clasificación o colocación | Especificación de materiales (volumen encuadernado u otra parte) | Estado de daño | No para préstamo | Colección | Biblioteca de origen | Biblioteca actual | Ubicación en estantería | Fecha de adquisición | Fuente de adquisición | Total de préstamos | Signatura topográfica completa | Código de barras | Visto por última vez | Precio de reemplazo | Tipo de ítem Koha |
|---|---|---|---|---|---|---|---|---|---|---|---|---|---|---|---|---|---|
| Clasificación decimal universal | Último número recibido: 2025 (N.14) | Periódicos y Revistas | Biblioteca del Ateneo de Madrid | Biblioteca del Ateneo de Madrid | Hemeroteca | 17/01/2008 | Donación | HEM-H-228 (Cº 41) | 1001941 | 23/02/2023 | 23/02/2023 | Revista |
